00691 2200253 4500001002100000005001700021008004100038035002400079082001200103090001900115100002900134245007000163250001100233260003700244300002000281500002900301650002600330700001900356850001500375980001300390985000600403986001300409999001500422YOGYA-0209000001580420090227022553.0 ind  0010-020900000015804 a297.215 a297.215bArr T aARROISI, K.H.Abdurrahman a30 kisah teladancK.H Abdurrahman Arroisi ; editor, Tjun Surjaman aCet. 2 aBandungbRemaja Rosdakaryac1990 a...jilidc18 cm aYang diterima : jilid 12 aIslam - Kisah teladan aSURYAMAN, Tjun aYOPDYOG(B) a20-09-05 a1 aPklrtrev a93P0038289